000 00576nam a22001937a 4500
005 20251108171031.0
008 250721s9999 xx 000 0 ara d
082 1 4 _aم/ط/595.7/كاي
100 1 _aكايا، زكريا
245 1 0 _aالمعارف المتكاملة : عالم الحشرات 1 /
246 1 1 _ainsect's world
264 1 _aبيروت :
_bمكتبة صادر ناشرون،
300 _a229ص.
650 1 7 _aالحشرات
650 1 7 _aالموسوعات
653 _aناشئون كبار (15-18) سنة
942 _2ddc
_cBK
999 _c54877
_d54877